Word Ladder: Movie & Director Quiz Stats

 Plays Quiz Updated Jul 25, 2012

Support Sporcle.
Go Orange.
Score 0/18 Timer 02:00
0 Plays Today
% Correct
CODE
95.5%
TREE
95%
CORE
93.3%
BRIT
93%
PRAY
92.2%
PREY
91.9%
BRAT
90.9%
TREY
90.8%
CORN
89.8%
% Correct
BRAY
88.3%
NODS
85.9%
NODE
83.4%
☛GRIT☚
82.1%
☛TRUE☚
81.9%
NOEL
78.4%
NOES
75.8%
☛JOEL☚
67.4%
☛COEN☚
64.5%

Today's Daily Dose

Missing Word
'80s Musicals

Word Ladder
Hereditary

Get the Picture
Food Names

From the Vault

Match 'Em Up Blitz - Geography

by betraisefold

In this case, it's alright to play with matches.
Remove Ads.
Support Sporcle.
Get the best of Sporcle when you Go Orange. This ad-free experience offers more features, more stats, and more fun while also helping to support Sporcle. Thank you for becoming a member.

Show Comments

Extras

Top Quizzes Today


Score Distribution

Your Account Isn't Verified!

In order to create a playlist on Sporcle, you need to verify the email address you used during registration. Go to your Sporcle Settings to finish the process.

Report this User

Report this user for behavior that violates our Community Guidelines.

Details: